حكايات وابتسامات / (Record no. 38946)
[ view plain ]
| 000 -الفاتح | |
|---|---|
| حقل البيانات ثابتة الطول | 00331nam a2200121Ia 4500 |
| 008 - عناصر البيانات ثابتة الطول - معلومات عامة | |
| حقل البيانات ثابتة الطول | 140319s9999 xx 000 0 ara d |
| 040 ## - مصدر الفهرسة | |
| وكالة الفهرسة الأصلية | GCL / |
| وكالة النسخ | GCL |
| 082 04 - رقم تصنيف ديوى العشرى | |
| رقم التصنيف | ط |
| رقم المادة | 813.02 |
| -- | ا ح |
| 100 1# - المدخل الرئيسى - إسم شخصى | |
| الإسم الشخصى | ايهاب عبدالسلام |
| 245 10 - بيان العنوان | |
| العنوان | حكايات وابتسامات / |
| بيان المسئوليه,etc | ايهاب عبدالسلام |
| 490 ## - بيان السلسلة | |
| عنوان السلسلة | |
| حالة التراجع | حالة الفقد | حالة تلف | ليس للاعارة | المكان المؤقت | الموقع الحالى | تاريخ الاكتساب | اجمالي اﻻعارات | رقم الطلب | الباركود | تاريخ اخر مشاهدة | تاريخ تفعيل السعر | نوع وعاء كوها |
|---|---|---|---|---|---|---|---|---|---|---|---|---|
| مكتبة القاهرة الكبرى | مكتبة القاهرة الكبرى | 03/26/2014 | ط\813.02\ا ح | 95072 | 03/26/2014 | 03/26/2014 | كتاب | |||||
| مكتبة القاهرة الكبرى | مكتبة القاهرة الكبرى | 03/26/2014 | ط\813.02\ا ح | 95073 | 03/26/2014 | 03/26/2014 | كتاب | |||||
| مكتبة القاهرة الكبرى | مكتبة القاهرة الكبرى | 03/26/2014 | ط\813.02\ا ح | 95074 | 03/26/2014 | 03/26/2014 | كتاب |

